000 01206cam a22003017a 4500
005 20230705145457.0
008 110125s2012 maua b 001 0 eng d
010 _a 2011921513
020 _a9780495897804
020 _a0495897809
035 _a(OCoLC)ocn664675263
040 _aBTCTA
_beng
_cBTCTA
_dS9I
_dDLC
042 _alccopycat
082 0 4 _a771
_221
_bWAR-P
100 1 _aWarren, Bruce
_q(Bruce E.)
245 1 0 _aPhotography :
_bthe concise guide /
_cBruce Warren.
250 _a2nd ed.
260 _aBoston, MA :
_bWadsworth/Cengage Learning,
_cc2012.
300 _ax, 254 p. :
_bill. (some col.) ;
_c28 cm.
504 _aIncludes bibliographical references (p. 241-242) and index.
650 0 _aPhotography.
856 4 2 _3Contributor biographical information
_uhttp://www.loc.gov/catdir/enhancements/fy1303/2011921513-b.html
856 4 2 _3Publisher description
_uhttp://www.loc.gov/catdir/enhancements/fy1303/2011921513-d.html
856 4 1 _3Table of contents only
_uhttp://www.loc.gov/catdir/enhancements/fy1303/2011921513-t.html
906 _a7
_bcbc
_ccopycat
_d2
_encip
_f20
_gy-gencatlg
999 _c18834
_d18834